| 000 | 01013nam a22003017a 4500 | ||
|---|---|---|---|
| 003 | CHAP | ||
| 005 | 20220329133756.0 | ||
| 008 | 971013s1984 r 00010 d | ||
| 010 | _a10723 | ||
| 011 | _a11695 | ||
| 035 | _a10934 | ||
| 040 | _cCHAP | ||
| 082 |
_a620.136 _bE2 |
||
| 100 | 0 | 0 |
_aEcheagaray y Ladrón de Guevara, Miguel M. _935051 |
| 245 | _aManual de diseño de concreto reforzado a la flexión | ||
| 260 |
_aMéxico : _bCECSA, _c1984 |
||
| 300 |
_a479 p. _b: ilus |
||
| 590 |
_aBATCH-UPD _b10 _c20130110 _lUCH01 _h0028 |
||
| 590 |
_aBATCH-UPD _b10 _c20130110 _lUCH01 _h1755 |
||
| 590 |
_aBATCH-UPD _b10 _c20130409 _lUCH01 _h2010 |
||
| 590 |
_aBATCH-UPD _b10 _c20130914 _lUCH01 _h1025 |
||
| 590 |
_aCONVERSION _b10 _c20130109 _lUCH01 _h1307 |
||
| 650 | 1 | 4 |
_aConcreto. _926302 |
| 901 | _aBK | ||
| 942 | _cLIBRO | ||
| 949 |
_a620.136 E2 _bBC _cLIBRO _d33724000013975 _eLIBRO _gI.125140 _h64634 _i10934 _si _t250.00 |
||
| 949 |
_a620.136 E2 _bBC _cLIBRO _d33724000013983 _eLIBRO _fc.2 _gI.125141 _h64635 _i10934 _si _t250.00 |
||
| 999 |
_c10723 _d10723 |
||